| 000 | 00938nam0a22002531 4500 | ||
|---|---|---|---|
| 001 | rc\723985 | ||
| 005 | 20250621230509.0 | ||
| 010 |
_a5-295-02066-5 _912000 |
||
| 035 | _a(NLR Aleph) 005967230 | ||
| 090 |
_a6905869 _c6905869 |
||
| 100 | _a20031121d1997 |||y0rusy50 ca | ||
| 101 | 0 | _arus | |
| 102 | _aRU | ||
| 105 | _ay ||||||||| | ||
| 200 | 1 |
_aДИДАКТИЧЕСКИЙ материал по русскому языку для V класса башкирской школы _eПособие для учителя _f[Р.В. Альмухаметов, К.З. Закирьянов, Р.Г. Ишимова, Л.Г. Саяхова] |
|
| 205 | _a2-е изд., с изм. | ||
| 210 |
_aУфа _cКитап _d1997 |
||
| 215 |
_a151 с. _d21 |
||
| 701 | 1 |
_aАльмухаметов _bР.В. _gРашит Валиахметович |
|
| 801 | 0 |
_aRU _bNLR _gpsbo |
|
| 801 | 1 |
_aRU _bELAR _2rusmarc |
|
| 852 |
_aNLR _j97-5/2316 |
||
| 942 | _cBOOK | ||
| 980 | _aNB | ||